Obras completas de San Bernardo. (Record no. 172060)

MARC details
000 -LEADER
campo de control de longitud fija 01035nam a2200277 i 4500
001 - NÚMERO DE CONTROL
campo de control 172060
003 - IDENTIFICADOR DE NÚMERO DE CONTROL
campo de control ES-MaACL
005 - FECHA Y HORA DE LA ÚLTIMA TRANSACCIÓN
campo de control 20250808062824.0
007 - CAMPO FIJO DE DESCRIPCIÓN FÍSICA--INFORMACIÓN GENERAL
campo de control de longitud fija t|
008 - DATOS DE LONGITUD FIJA--INFORMACIÓN GENERAL
campo de control de longitud fija 090612s1990 sp |||| | spa d
020 ## - NÚMERO INTERNACIONAL ESTÁNDAR DEL LIBRO
Número Internacional Estándar del Libro 84-220-1363-0
100 0# - ENTRADA PRINCIPAL--NOMBRE DE PERSONA
Nombre de persona Bernardo,
Títulos y otros términos asociados al nombre Santo,
Fechas asociadas al nombre 1090?-1153
9 (RLIN) 28290
245 10 - MENCIÓN DEL TÍTULO
Título Obras completas de San Bernardo.
Número de parte o sección de la obra VII,
Nombre de parte o sección de la obra Cartas /
Mención de responsabilidad, etc. edición preparada por los Monjes Cistercienses de España ; introducción por Iñaki Aranguren ; traducción por Iñaki Aranguren y Mariano Ballano.
250 ## - MENCION DE EDICION
Mención de edición Ed. bilingüe.
260 ## - PUBLICACIÓN, DISTRIBUCIÓN, ETC.
Lugar de publicación, distribución, etc. Madrid :
Nombre del editor, distribuidor, etc. Biblioteca de Autores Cristianos,
Fecha de publicación, distribución, etc. 1990.
300 ## - DESCRIPCIÓN FÍSICA
Extensión XXIV, 1319 p. ;
Dimensiones 20 cm.
490 1# - MENCIÓN DE SERIE
Mención de serie Biblioteca de autores cristianos ;
Designación de volumen o secuencia 505
546 ## - NOTA DE IDIOMA
Nota de lengua/lenguaje Texto latino y traducción en español.
650 07 - PUNTO DE ACCESO ADICIONAL DE MATERIA--TÉRMINO DE MATERIA
Término de materia o nombre geográfico como elemento de entrada Religión
Fuente del encabezamiento o término embne
9 (RLIN) 16797
700 1# - ENTRADA AGREGADA--NOMBRE PERSONAL
Nombre de persona Ballano, Mariano.
9 (RLIN) 24966
700 1# - ENTRADA AGREGADA--NOMBRE PERSONAL
Nombre de persona Aranguren, Iñaki.
9 (RLIN) 22313
710 2# - ENTRADA AGREGADA--NOMBRE DE ENTIDAD CORPORATIVA
Nombre de entidad corporativa o nombre de jurisdicción como elemento de entrada Cistercienses.
9 (RLIN) 151139
830 00 - PUNTO DE ACCESO ADICIONAL DE SERIE-TÍTULO UNIFORME
Título uniforme Biblioteca de autores cristianos
Designación de volumen o secuencia 505
9 (RLIN) 178679
852 ## - LOCALIZACIÓN
Ubicación ES-MaACL
Número de control de estantería J-492
Holdings
Estatus retirado Estado de pérdida Estado de daño No para préstamo Biblioteca de origen Biblioteca actual Ubicación en estantería Fecha de adquisición Fuente de adquisición Total de préstamos Signatura topográfica completa Código de barras Visto por última vez Precio de reemplazo Tipo de ítem Koha
        Biblioteca del Ateneo de Madrid Biblioteca del Ateneo de Madrid Depósito 2 12/06/2009     J-492 1180566 23/02/2023 23/02/2023 Libro impreso